| 000 | 00433nam a22001457a 4500 | ||
|---|---|---|---|
| 008 | 240912b |||||||| |||| 00| 0 eng d | ||
| 040 |
_aNational Science Library _cNational Science Library |
||
| 080 |
_aR 840.5(30) _bK4.2 |
||
| 100 | _aBarbier, A -E | ||
| 245 | _aDictionnaire des ouvrages anonymes | ||
| 260 |
_aParis: _bG. -P. Maisonneuve & Larose, Editeurs |
||
| 300 | _a1360p. | ||
| 500 | _aTome II, E-L | ||
| 942 |
_2udc _cREF |
||
| 999 |
_c67262 _d67262 |
||